Central Library OPAC University of Rajshahi

British steam locomotives at work / (Record no. 13311)

MARC details
000 -LEADER
fixed length control field 00771cam a2200253 4500
001 - CONTROL NUMBER
control field 13311
003 - CONTROL NUMBER IDENTIFIER
rucl marc code BD-RjUL
005 - DATE AND TIME OF LATEST TRANSACTION
control field 20211208235432.0
008 - FIXED-LENGTH DATA ELEMENTS--GENERAL INFORMATION
fixed length control field 140130s1967 enkaf 001 0 eng d
035 ## - SYSTEM CONTROL NUMBER
System control number (BD-RjUL)13362
040 ## - CATALOGING SOURCE
Original cataloging agency DLC
Transcribing agency DLC
Modifying agency DLC
-- (BD-RjUL)
Language of cataloging eng
041 ## - LANGUAGE CODE
Language code of text/sound track or separate title eng
082 00 - DEWEY DECIMAL CLASSIFICATION NUMBER
Classification number 385.3610942
Author mark and year NOB 1967
100 1# - MAIN ENTRY--PERSONAL NAME
Personal name Nock, O. S.
Fuller form of name (Oswald Stevens),
Dates associated with a name 1905-
9 (RLIN) 41450
245 10 - TITLE STATEMENT
Title British steam locomotives at work /
Statement of responsibility, etc. by O. S. Nock.
260 ## - PUBLICATION, DISTRIBUTION, ETC. (IMPRINT)
Place of publication, distribution, etc. London :
Name of publisher, distributor, etc. Allen & Unwin,
Date of publication, distribution, etc. 1967.
300 ## - PHYSICAL DESCRIPTION
Pagination 276 p. :
Illustrations 48 plates (94 illus.), tables. ;
Size 24 1/2 cm.
504 ## - BIBLIOGRAPHY, ETC. NOTE
Bibliography, etc Includes Index
650 #0 - SUBJECT ADDED ENTRY--TOPICAL TERM
Topical term or geographic name as entry element Steam locomotives
General subdivision History.
9 (RLIN) 41451
Topical term or geographic name as entry element Railroads
Geographic subdivision Great Britain.
9 (RLIN) 21303
942 ## - ADDED ENTRY ELEMENTS (KOHA)
Source of classification or shelving scheme Dewey Decimal Classification
Koha item type Books
Holdings
Lost status Source of classification or shelving scheme Damaged status Not for loan Collection code Permanent Location Current Location Shelving location Date acquired Source of acquisition Cost, normal purchase price Total Checkouts Full call number Date last seen Copy number Koha item type
  Dewey Decimal Classification   Not For Loan Non-fiction Central Library, University of Rajshahi Central Library, University of Rajshahi Reading Room 10/09/1969 Zeithlinger. 65.00   385.3610942 NOB 1967 30/01/2014 C-1 Books